000 02084nam a22002657a 4500
008 250605b |||||||| |||| 00| 0 eng d
020 _a9780241704400
040 _ctbs
041 _aeng
050 _aPS3602.A775325
_bF36 2024
100 _aBardugo, Leigh
_922859
_eauthor
245 _aThe familiar
_c/ Leigh Bardugo.
260 _aLondon :
_bViking,
_c2024.
300 _a385 pages ;
_c24 cm.
520 _aIn a shabby house, on a shabby street, in the new capital of Madrid, Luzia Cotado uses scraps of magic to get through her days of endless toil as a scullion. But when her scheming mistress discovers the lump of a servant cowering in the kitchen is actually hiding a talent for little miracles, she demands Luzia use those gifts to better the family's social position. What begins as simple amusement for the bored nobility takes a perilous turn when Luzia garners the notice of Antonio Pérez, the disgraced secretary to Spain's king. Still reeling from the defeat of his armada, the king is desperate for any advantage in the war against England's heretic queen-and Pérez will stop at nothing to regain the king's favor. Determined to seize this one chance to better her fortunes, Luzia plunges into a world of seers and alchemists, holy men and hucksters, where the lines between magic, science, and fraud are never certain. But as her notoriety grows, so does the danger that her Jewish blood will doom her to the Inquisition's wrath. She will have to use every bit of her wit and will to survive-even if that means enlisting the help of Guillén Santangel, an embittered immortal familiar whose own secrets could prove deadly for them both.
650 0 _aWomen household employees
_vFiction
_925381
650 0 _aAristocracy (Social class)
_vFiction
_925382
650 0 _aSocial classes
_vFiction
_924096
650 0 _aMagic
_vFiction
_924059
650 0 _aKings and rulers
_vFiction
_925383
650 0 _aImaginary wars and battles
_vFiction
_924133
651 0 _aSpain
_xHistory
_y16th century
_vFiction
_925384
655 0 _aHistorical fiction
_922722
942 _2lcc
999 _c4713
_d4713